000 00496nam a22001577a 4500
005 20240823124400.0
008 240823b |||||||| |||| 00| 0 eng d
041 _aEnglish
082 _a349 LAW
100 _lEnglish
245 _aThe Laws of South West Africa 1952
260 _aWindhoek:
_bOrder of the Honourable the Administrator of South West Africa,
_c1952
300 _blxxix, 977 pages;
_c25 cm.
650 _aLegal practice
_bLaw
942 _cBK
_6ALISON_BN_VRIES
999 _c2844
_d2844